[Event "Provincial-ch Valencia Segunda"]
[Site "Valencia"]
[Date "2013.11.16"]
[Round "6"]
[White "Ruiz Monsalve, Ricardo"]
[Black "Torrijos Alhambra, Julian"]
[Result "0-1"]
[WhiteElo "1467"]
[BlackElo "1629"]
[PlyCount "98"]
[EventDate "2013.10.05"]
[EventType "swiss"]
[EventRounds "7"]
[EventCountry "ESP"]
[SourceTitle "EXT 2024"]
[Source "ChessBase"]
[SourceDate "2023.10.10"]
[SourceVersion "1"]
[SourceVersionDate "2023.10.10"]
[SourceQuality "1"]

1. e4 e5 2. Nf3 Nc6 3. Bc4 Nf6 4. Nc3 Bc5 5. d3 d6 6. h3 0-0 7. Bg5 Be6 8. Bb3 Nd4 9. 0-0 c6 10. Nxd4 Bxd4 11. Qd2 b5 12. Rab1 Bxc3 13. bxc3 a5 14. a4 d5 15. exd5 Bxd5 16. Bxd5 Qxd5 17. Bxf6 gxf6 18. axb5 cxb5 19. Ra1 a4 20. f3 Ra6 21. Kh1 a3 22. f4 Kh8 23. fxe5 fxe5 24. Rf5 Rg8 25. d4 f6 26. Qf2 Qc6 27. Qd2 Rg3 28. dxe5 Qxc3 29. Qxc3 Rxc3 30. Ra2 fxe5 31. Rxe5 b4 32. Rb5 Rc4 33. Rb7 Rac6 34. Kh2 Rxc2 35. Rxc2 Rxc2 36. Rxb4 a2 37. Ra4 h5 38. Kg3 Kg7 39. Kh4 Rc4+ 40. Rxc4 a1Q 41. Kxh5 Qe5+ 42. Kh4 Qf6+ 43. Kg3 Qe5+ 44. Kh4 Kh6 45. Rc6+ Kg7 46. Rc4 Qe7+ 47. Kg3 Qe1+ 48. Kf4 Qf1+ 49. Kg5 Qxc4 0-1

[Event "Provincial-ch Valencia Segunda"]
[Site "Valencia"]
[Date "2013.11.02"]
[Round "4"]
[White "Ruiz Monsalve, Ricardo"]
[Black "Saugar Rodriguez, Francisco"]
[Result "1-0"]
[WhiteElo "1467"]
[BlackElo "1727"]
[PlyCount "62"]
[EventDate "2013.10.05"]
[EventType "swiss"]
[EventRounds "7"]
[EventCountry "ESP"]
[SourceTitle "EXT 2024"]
[Source "ChessBase"]
[SourceDate "2023.10.10"]
[SourceVersion "1"]
[SourceVersionDate "2023.10.10"]
[SourceQuality "1"]

1. e4 e6 2. d4 c5 3. c3 Nc6 4. Be3 cxd4 5. cxd4 g6 6. Bc4 Bg7 7. Ne2 Nge7 8. Bb3 Na5 9. Nd2 Nxb3 10. Nxb3 b6 11. 0-0 0-0 12. Qd2 Bb7 13. f3 d5 14. Ng3 dxe4 15. fxe4 Qd7 16. Rac1 Rad8 17. Rc2 Nc6 18. Rd1 Qe7 19. Rdc1 Qd7 20. Ne2 Ba8 21. Bg5 f6 22. Be3 f5 23. Bg5 Rc8 24. Ng3 a5 25. exf5 exf5 26. a4 Nb4 27. Rxc8 Rxc8 28. Rxc8+ Qxc8 29. Qc3 Qxc3 30. bxc3 Na2 31. Ne2 Bc6 1-0

[Event "Valencia-ch U18"]
[Site "Valencia"]
[Date "2012.04.13"]
[Round "5"]
[White "Fito Tur, Aleix"]
[Black "Ruiz Monsalve, Ricardo"]
[Result "0-1"]
[WhiteElo "1499"]
[BlackElo "1320"]
[PlyCount "122"]
[EventDate "2012.04.11"]
[EventType "swiss"]
[EventRounds "6"]
[EventCountry "ESP"]
[SourceTitle "CBM 147 Extra"]
[Source "ChessBase"]
[SourceDate "2012.04.24"]
[SourceVersion "1"]
[SourceVersionDate "2012.04.24"]
[SourceQuality "1"]

1. Nc3 Nf6 2. b3 e5 3. e4 Nc6 4. Nge2 Bc5 5. h3 d6 6. Bb2 Be6 7. Nb5 a6 8. Nbc3 0-0 9. Na4 Nxe4 10. Nxc5 Nxc5 11. d4 exd4 12. Nxd4 Bd7 13. Qd2 Re8+ 14. Be2 Qe7 15. 0-0-0 Nxd4 16. Qxd4 Qg5+ 17. f4 Qg6 18. Bh5 Ne6 19. Qc3 Qxh5 20. g4 Qc5 21. Qf3 Bc6 22. Qg3 Bxh1 23. Rxh1 Nd4 24. Qd3 Nc6 25. Kb1 Qe3 26. Qc4 Qe4 27. Qf1 Nb4 28. Qd1 Qxf4 29. g5 Qf2 30. a3 Nc6 31. h4 Re6 32. h5 Rae8 33. Ka2 Re1 34. Rxe1 Qxe1 35. Qd3 Qe4 36. Qc3 Qe5 37. Qd3 Qxg5 38. Qh3 a5 39. Qd7 Qe7 40. Qf5 Qe6 41. Qf4 b5 42. Qg5 Ne5 43. Kb1 f6 44. Qg2 Rb8 45. Qe4 d5 46. Qe3 Qd6 47. Qg1 c5 48. h6 g6 49. Bxe5 fxe5 50. Kb2 a4 51. b4 Rc8 52. c3 Qc6 53. Qg3 Qf6 54. Qg2 e4 55. Qh3 Qf2+ 56. Kb1 Qf5 57. Qe3 Qf1+ 58. Kb2 Rf8 59. Qc1 Rf2+ 60. Kb1 Qxc1+ 61. Kxc1 cxb4 0-1

[Event "Valencia-ch U18"]
[Site "Valencia"]
[Date "2012.04.13"]
[Round "6"]
[White "Ruiz Monsalve, Ricardo"]
[Black "Yaniz Gonzalez, Jesus"]
[Result "1-0"]
[WhiteElo "1320"]
[BlackElo "1525"]
[PlyCount "93"]
[EventDate "2012.04.11"]
[EventType "swiss"]
[EventRounds "6"]
[EventCountry "ESP"]
[SourceTitle "CBM 147 Extra"]
[Source "ChessBase"]
[SourceDate "2012.04.24"]
[SourceVersion "1"]
[SourceVersionDate "2012.04.24"]
[SourceQuality "1"]

1. e4 e5 2. Nf3 Nc6 3. Bc4 Bc5 4. Nc3 Nf6 5. d3 h6 6. 0-0 d6 7. h3 Nd4 8. Nxd4 Bxd4 9. Ne2 Nh5 10. Nxd4 Nf4 11. Bxf4 exf4 12. Qf3 Qf6 13. c3 Bd7 14. Ne2 g5 15. d4 0-0-0 16. Bd5 c6 17. Bc4 Qe7 18. Rfe1 Rdg8 19. Nc1 g4 20. hxg4 Rxg4 21. Be2 Rhg8 22. Nd3 Rxg2+ 23. Qxg2 Rxg2+ 24. Kxg2 Qg5+ 25. Kh2 h5 26. Bf1 Bg4 27. Bg2 Qh4+ 28. Kg1 f3 29. Bh1 Qg5 30. Kh2 Qh4+ 31. Kg1 Qf6 32. e5 Qf5 33. Nc1 Bh3 34. Kh2 Bg4 35. exd6 Qf4+ 36. Kg1 h4 37. Nd3 Qf5 38. Ne5 h3 39. Kf1 h2 40. Re3 Bh3+ 41. Ke1 Bg2 42. Kd2 Bxh1 43. Rxh1 Qh3 44. Nxf3 Qg2 45. Rxh2 Qg6 46. Rh8+ Kd7 47. Ne5+ 1-0

[Event "Valencia-ch U18"]
[Site "Valencia"]
[Date "2012.04.11"]
[Round "2"]
[White "Vieito Ribelles, Ariadna"]
[Black "Ruiz Monsalve, Ricardo"]
[Result "1-0"]
[WhiteElo "1712"]
[BlackElo "1320"]
[PlyCount "85"]
[EventDate "2012.04.11"]
[EventType "swiss"]
[EventRounds "6"]
[EventCountry "ESP"]
[SourceTitle "CBM 147 Extra"]
[Source "ChessBase"]
[SourceDate "2012.04.24"]
[SourceVersion "1"]
[SourceVersionDate "2012.04.24"]
[SourceQuality "1"]

1. d4 d5 2. c4 e6 3. Nc3 Nf6 4. g3 Be7 5. Nf3 0-0 6. Bg2 dxc4 7. Ne5 Nbd7 8. Nxc4 c6 9. 0-0 Nb6 10. Ne5 Nbd7 11. e4 Nxe5 12. dxe5 Nd7 13. f4 f6 14. exf6 Bxf6 15. e5 Be7 16. Be3 Bc5 17. Bxc5 Nxc5 18. Qxd8 Rxd8 19. Rad1 Bd7 20. Rd6 Be8 21. Rfd1 Rxd6 22. Rxd6 Kf7 23. Bh3 Kf8 24. a3 b6 25. Rd4 Ke7 26. b4 Nb7 27. Ne4 h6 28. Kf2 Bf7 29. Ke3 Rd8 30. Rxd8 Kxd8 31. Bf1 c5 32. Ba6 Kc7 33. Bxb7 Kxb7 34. Nd6+ Kc6 35. Nxf7 cxb4 36. axb4 Kb5 37. Nd8 a6 38. Nxe6 Kxb4 39. Nd4 a5 40. e6 a4 41. e7 a3 42. Nc2+ Kb3 43. Nxa3 1-0